Statistics for Lego Modular Buildings

Click here to take the quiz!

General Stats

  • This quiz has been taken 21 times
  • The average score is 13 of 19

Answer Stats

HintAnswer% Correct
2021Police Station
92%
2016Brick Bank
83%
2010Grand Emporium
83%
2023Natural History Museum
83%
2020Bookshop
75%
2022Boutique Hotel
75%
2023Jazz Club
75%
2017Assembly Square
67%
2019Corner Garage
67%
2015Detective's Office
67%
2013Palace Cinema
67%
2014Parisian Restaurant
67%
2011Pet Shop
67%
2007Café Corner
58%
2018Downtown Diner
58%
2009Fire Brigade
58%
2008Green Grocer
58%
2007Market Street
58%
2012Town Hall
58%

Score Distribution

Percentile by Number Answered

Percent of People with Each Score

Your Score History

You have not taken this quiz